| 000 | 00675nam a2200181 i 4500 | ||
|---|---|---|---|
| 001 | 101815 | ||
| 003 | ES-MaACL | ||
| 005 | 20230906183002.0 | ||
| 007 | t| | ||
| 008 | 051026s1959 sp f |||| |bspa d | ||
| 100 | 1 |
_aMelús, Rafael María L. _980031 |
|
| 245 | 1 | 0 |
_aVida y obra de la M.R.M. Elisea Oliver Molina, fundadora de la Congregación de Hermanas de la Beatísima Virgen María del Monte Carmelo, de la T.O. de Carmelitas / _cRafael María L. Melús. |
| 260 |
_aOrihuela (Alicante) : _bH.H. Carmelitas, _c1959. |
||
| 300 |
_a375 p., 6 lám. ; _c19 cm. |
||
| 600 | 1 | 4 |
_aOliver Molina, Elisea. _986840 |
| 710 | 2 |
_aCarmelitas. _9170526 |
|
| 852 |
_aES-MaACL _jC-16298 |
||
| 999 |
_c101815 _d101815 |
||